000 00325nam a2200133Ia 4500
008 220216s9999 xx 000 0 und d
100 _aJohn K P
245 0 _aRhizoctonia and other disease of cover plants
260 _bPlanter
_c1964
300 _a394-396
650 _aCover plants
650 _aRhizoctonia
942 _cJS
999 _c67099
_d67099